Deduktive Normengewinnung im Bilanzrecht Inaugural - Dissertation

Na minha lista:
Detalhes bibliográficos
Autor principal: Kämpfer, Georg
Formato: Livro
Idioma:alemão
Publicado em: Frankfurt am Main Johann Wolfgang Goethe - Universität 1986
Edição:1. Aufl.
Tags: Adicionar Tag
Sem tags, seja o primeiro a adicionar uma tag!

MARC

LEADER 00000nam a2200000 4500
001 c024369
005 20221220071251.8
041 0 |a ger 
044 |a DE 
245 1 0 |a Deduktive Normengewinnung im Bilanzrecht  |b Inaugural - Dissertation  |c Georg Kämpfer 
250 |a 1. Aufl. 
264 1 |a Frankfurt am Main  |b Johann Wolfgang Goethe - Universität  |c 1986 
300 |a 328 s. 
100 1 |a Kämpfer, Georg